000 00591nam a2200181 4500
001 123016
003 ES-MaACL
005 20230906192107.0
007 t|
008 070214s1973 sp r ||||0| spa d
245 0 0 _aPrótesis del miembro superior
_b: entrenamiento fisioterápico del amputado /
_cpor Gisela Trebes ...[et al.] ; prefacio de Götz-Gerd Kuhn.
250 _a1ª ed.
260 _aBarcelona :
_bToray,
_c1973.
300 _aXII, 159 p :
_bil ;
_c24 cm.
700 1 _aTrebes, Gisela.
_9111269
700 1 _aKuhn, Götz-Gerd.
_968983
852 _aES-MaACL
_jC-53830
_bR.86717
999 _c123016
_d123016